书目信息 |
| 题名: |
唐山市妇女运动史资料选辑
|
|
| 作者: | 唐山市妇女联合会 编 | |
| 分册: | ||
| 出版信息: | 唐山 不详 1997 |
|
| 页数: | 226页 | |
| 开本: | 20cm | |
| 丛书名: | ||
| 单 册: | ||
| 中图分类: | D442.9 | |
| 科图分类: | ||
| 主题词: | 妇女运动 , 妇女组织 | |
| 电子资源: | ||
| ISBN: | ||
| 000 | 00675nam0 2200217 450 | |
| 001 | 0756679491 | |
| 005 | 20070804161518.29 | |
| 010 | @d不详 | |
| 100 | @a20070803d1997 km y0chiy0120 ea | |
| 101 | 0 | @achi |
| 200 | 1 | @a唐山市妇女运动史资料选辑@Atang shan shi fu nu yun dong shi zi liao xuan ji@e1919-1992@f唐山市妇女联合会编@Ftang shan shi fu nu lian he hui bian |
| 210 | @a唐山@c不详@d1997 | |
| 215 | @a226页@d20cm | |
| 300 | @a唐山市妇女运动史系列之二 | |
| 517 | 1 | @a1919-1992 |
| 606 | 0 | @a妇女运动 |
| 606 | 0 | @a妇女组织 |
| 690 | @aD442.9@v3 | |
| 701 | 0 | @a唐山市妇女联合会@Atang shan shi fu nu lian he hui@4编 |
| 801 | 0 | @aCN@bPFT@c20070804 |
| 905 | @a10447@dD442.9@e20 | |
| 唐山市妇女运动史资料选辑:1919-1992/唐山市妇女联合会编.-唐山:不详,1997 |
| 226页;20cm |
| 唐山市妇女运动史系列之二 |
| ISBN :不详 |
| ● |
| 相关链接 |
|
|
|
|
正题名:唐山市妇女运动史资料选辑
索取号:D442.9/20
 
预约/预借
| 序号 | 登录号 | 条形码 | 馆藏地/架位号 | 状态 | 备注 |
| 1 | 0791608 | 207916086 | 第一样本阅览室/ [索取号:D442.9/20] | 在馆 |